|
|
|
|
| LEADER |
00000nab a2200000 r4500 |
| 001 |
vtls011835421 |
| 003 |
SK-MaSNL |
| 005 |
20260311224917.0 |
| 008 |
190121c2019 xo wr|p|||||||000 b|slo |
| 015 |
|
|
|a SNBRB2019/01
|
| 038 |
|
|
|a PPPK
|
| 040 |
|
|
|a PPPKCL
|b slo
|e rda
|
| 041 |
0 |
|
|a slo
|
| 043 |
|
|
|a e-xo---
|
| 044 |
|
|
|a xo
|c SK
|
| 072 |
|
7 |
|a 640.4
|x Hotelierstvo. Stravovanie
|2 pppkcl
|
| 080 |
|
|
|a 640.412-057.162
|2 2011
|
| 080 |
|
|
|a 94(437)"1918"
|2 2011
|
| 100 |
1 |
|
|a Argalács, Mikuláš,
|d 1942-
|4 aut
|9 102749
|
| 245 |
1 |
0 |
|a Muž s československým srdcom
|c Mikuláš Argalács
|
| 336 |
|
|
|a text
|b txt
|2 rdacontent
|
| 337 |
|
|
|a bez média
|b n
|2 rdamedia
|
| 338 |
|
|
|a zväzok
|b nc
|2 rdacarrier
|
| 600 |
1 |
7 |
|a Odložilík, František,
|d 1926-
|2 pppkcl
|9 120892
|
| 611 |
2 |
7 |
|a Tatranský turistický workshop
|d (1992 :
|c Vysoké Tatry, Slovensko)
|2 pppkcl
|9 1590807
|
| 648 |
|
7 |
|a 1992
|2 pppkcl
|9 277405
|
| 650 |
0 |
7 |
|a hotelieri
|2 pppkcl
|9 58373
|
| 650 |
0 |
7 |
|a workshopy
|2 pppkcl
|9 26475
|
| 650 |
0 |
7 |
|a vznik Československa (1918)
|2 pppkcl
|9 134041
|
| 651 |
|
7 |
|a Starý Smokovec (Vysoké Tatry, Slovensko)
|2 pppkcl
|9 160864
|
| 651 |
|
7 |
|a Československo
|2 pppkcl
|9 21376
|
| 773 |
0 |
|
|t Podtatranské noviny
|g Roč. LX, č. 1-2 (2019), s. 8
|x 1210-2423
|
| 852 |
|
|
|a PPPK
|b KIS3GCP
|
| 999 |
|
|
|c 3263183
|d 3265113
|